000 00361nam a22001577a 4500
003 MACL
005 20241023125158.0
008 241023b |||||||| |||| 00| 0 eng d
040 _cMACL
082 _a100/PRA
100 _a ACHARYA ,PRASHANT
_982821
245 _aMAYA
260 _aMumbai
_bJaico Publication
_c2022
650 _aPhilosophy
942 _2ddc
_cBK
999 _c67546
_d67546